Thiết kế quấn máy ổn áp có công suất cà nhỏ và trung bình Luận văn tốt nghiệp Đại học Sư phạm ngành Vật lí Khóa 16

Na minha lista:
Detalhes bibliográficos
Autor principal: Danh Sên
Formato: Livro
Idioma:Undetermined
Publicado em: Cần Thơ Trường Đại học Cần Thơ, Khoa Sư phạm, Bộ môn Vật lí 1994
Tags: Adicionar Tag
Sem tags, seja o primeiro a adicionar uma tag!
Thư viện lưu trữ: Trung tâm Học liệu Trường Đại học Cần Thơ
LEADER 00706nam a2200181Ia 4500
001 CTU_33808
008 210402s9999 xx 000 0 und d
082 |a 621.31 
082 |b S254/1994 
100 |a Danh Sên 
245 0 |a Thiết kế quấn máy ổn áp có công suất cà nhỏ và trung bình 
245 0 |b Luận văn tốt nghiệp Đại học Sư phạm ngành Vật lí Khóa 16 
245 0 |c Danh Sên 
260 |a Cần Thơ 
260 |b Trường Đại học Cần Thơ, Khoa Sư phạm, Bộ môn Vật lí 
260 |c 1994 
904 |i Nguyễn Quang Điền, 991112 
980 |a Trung tâm Học liệu Trường Đại học Cần Thơ